000 01121nmc a2200361 a 4500
003 AR-BaBNM
005 20251128210349.0
008 010020s1999 ||||||||||||||000 | spa||
020 _a987-9336-20-8
040 _cAR-BaBNM
245 1 0 _aFederico Aneiros
_barzobispo y legislador
260 _aBuenos Aires
_bCírculo de Legisladores de la Nación Argentina
_c1999
300 _a94 p.
490 0 _aVidas, ideas y obras de los legisladores argentinos
_vv. 29
500 _aContiene textos parlamentarios de Federico Aneiros
504 _aBibliografía p. 31-33
600 1 4 _aMitre, Bartolomé
600 1 4 _aNamuncurá, Manuel
600 1 4 _aAneiros, Federico
610 2 4 _aIGLESIA CATOLICA
650 4 _aHISTORIA ARGENTINA
650 4 _aBIOGRAFIAS
650 4 _aHISTORIA POLITICA ARGENTINA
650 4 _aLEGISLACION ARGENTINA
650 4 _aSIGLO DIECINUEVE
650 4 _aIGLESIA CATOLICA
650 4 _aPARTIDOS POLITICOS ARGENTINOS
655 _aBIOGRAFIAS
700 1 _aTanzi, Héctor José
_eprologuista
800 1 _aMárquez, Alfonso Carlos
_edirector
942 _cBK
998 _cMariana
999 _c15148
_d15148